|
|
|
|
| LEADER |
00000cam a2200000 a 4500 |
| 001 |
vtls001464652 |
| 003 |
SK-MaSNL |
| 005 |
20260302002520.0 |
| 008 |
180621s2003 xo a frnp 00000 slo |
| 015 |
|
|
|a SNBA2004/03-02480
|
| 020 |
|
|
|a 8089029590
|q (brožované)
|
| 035 |
|
|
|a SNK000419957
|
| 040 |
|
|
|a SNK
|b slo
|c SNK
|e AACR2
|
| 041 |
0 |
|
|a slo
|
| 044 |
|
|
|a xo
|c SK
|
| 072 |
|
7 |
|a 658
|x Riadenie a správa podniku
|2 konspekt
|
| 080 |
|
|
|a 658.14/.17
|2 2011
|
| 080 |
|
|
|a 005.584.1
|2 2011
|
| 080 |
|
|
|a (075.8)
|2 2011
|
| 100 |
1 |
|
|a Volčko, Ivan,
|d 1951-
|4 aut
|9 228845
|
| 245 |
1 |
0 |
|a Finančný controlling
|c Ivan Volčko
|
| 250 |
|
|
|a 1. vyd.
|
| 260 |
|
|
|a Zvolen
|b Technická univerzita
|c 2003
|
| 300 |
|
|
|a 107 s.
|b schémy, tabuľky
|c 29 cm
|
| 366 |
|
|
|e 300 kusov
|
| 500 |
|
|
|a Vyd. podľa ISBN Bratia Sabovci ; hrebeňová väzba
|
| 504 |
|
|
|a Obsahuje bibliografiu na s. 107
|
| 650 |
0 |
7 |
|a finančný manažment
|2 SNKPH
|9 928
|
| 650 |
0 |
7 |
|a kontroling (manažment)
|2 SNKPH
|9 193161
|
| 650 |
0 |
7 |
|a Financial management
|2 SNKPHeng
|9 268527
|
| 650 |
0 |
7 |
|a Controlling (management)
|2 SNKPHeng
|9 193169
|
| 655 |
|
7 |
|a učebnice vysokých škôl
|2 SNKPH
|9 70191
|
| 655 |
|
7 |
|a Textbooks (higher)
|2 SNKPHeng
|9 276436
|
| 710 |
0 |
|
|a Bratia Sabovci Zvolen
|4 pbl
|9 300652
|
| 852 |
|
|
|a Slovenská národná knižnica
|
| 919 |
|
|
|a 80-89029-59-0
|
| 954 |
|
|
|a odborná, vedecká literatúra pôvodná (slovenská)
|2 lita
|
| 958 |
|
|
|a NB
|
| 958 |
|
|
|a OND
|
| 958 |
|
|
|a UV
|
| 999 |
|
|
|c 988413
|d 990343
|
| 952 |
|
|
|a SNK
|b SNK
|y PREZ
|7 0
|p 17A0405314
|o snkSB 67689
|i snkKSP 15358/2003
|8 0
|0 0
|1 0
|4 0
|d 2003-12-03
|l 0
|r 2025-04-16 00:00:00
|w 2026-02-24
|
| 952 |
|
|
|a SNK
|b SNK
|y PREZ
|7 0
|p 17A0405308
|o snkSB 67689 D1
|i snkKSP 15359/2003
|8 0
|0 0
|1 0
|4 0
|d 2003-12-03
|l 0
|r 2005-01-02 00:00:00
|w 2026-02-24
|